Top 4 der Champions Hockey League - Statistiken

Allgemein
  • Dieses Quiz wurde 28 mal gespielt
    17 seit der letzten Aktualisierung
  • Das Durchschnittsergebnis liegt bei 8 aus 24
Antwortstatistiken
Rang Antwort % Korrekt
Sieger ZSC Lions
78%
Finalist EHC Red Bull München
67%
Halbfinalist EC Red Bull Salzburg
56%
Sieger Genève-Servette HC
56%
Halbfinalist EV Zug
44%
Sieger Frölunda HC Göteborg
44%
Halbfinalist HC Davos
44%
Sieger Rögle BK
44%
Halbfinalist Bílí Tygři Liberec
33%
Sieger Luleå HF
33%
Finalist Skellefteå AIK
33%
Sieger Tappara Tampere
33%
Halbfinalist Djurgårdens IF Stockholm
22%
Finalist Färjestad BK
22%
Halbfinalist HC Plzeň 1929
22%
Finalist HC Sparta Prag
22%
Sieger JYP Jyväskylä
22%
Finalist Mountfield Hradec Králové
22%
Finalist Växjö Lakers
22%
Halbfinalist HC Oceláři Třinec
11%
Finalist Oulun Kärpät
11%
Halbfinalist Rauman Lukko
11%
Halbfinalist Fribourg-Gottéron
0%
Halbfinalist HC Vítkovice
0%
Keine übereinstimmenden Quizze gefunden
Verteilung der Resultate
Anzahl Personen mit jedem Resultat
Perzentil nach korrekt beantworteten Fragen
Ihre Resultats-Entwicklung
Sie haben dieses Quiz seit der letzten Aktualisierung nicht gespielt